000 00518nam a2200181Ia 4500
005 20250508150546.0
008 008 250505s9999 xx 000 0 eng d
037 _aBooks to be hide in OPAC
040 _aFEDL
_beng
_cFEDL
041 _aeng
_2eng
084 _a901, RAM/O
_qFEDL
100 _aRamsay William M
_9110347
245 0 _aAsianic elements in Greek civilisation
260 _aLondon, UK
_bJohn Murray
_c1928
300 _axiii,308p.
942 _cHB
_h901, RAM/O
999 _c1324255
_d1324255